| 000 | 00531nam a22002057a 4500 | ||
|---|---|---|---|
| 003 | OSt | ||
| 005 | 20260423144109.0 | ||
| 008 | 260423b |||||||| |||| 00| 0 eng d | ||
| 020 | _a9780143418658 | ||
| 040 | _cSBCL | ||
| 082 |
_a823 _bMUR-D |
||
| 100 | _aMurty, Sudha | ||
| 245 | _aThe Day I Stopped Drinking Milk | ||
| 260 |
_aHaryana _bPenguin Random House India Pvt. Ltd _c2025 |
||
| 300 | _a212p. | ||
| 630 | _xLiterature | ||
| 650 | _aEnglish & Old English literatures | ||
| 650 | _aEnglish fiction | ||
| 942 | _cBOOK | ||
| 999 |
_c138033 _d138033 |
||